000 00499nam a22002057a 4500
003 OSt
005 20160513132426.0
008 160513b xxu||||| |||| 00| 0 eng d
020 _a0890541965
040 _cDDC.
082 _a581THU 1998.
100 _aDavid,Thurston.H;
_98745
245 _aTropical Plant diseases
250 _a2nd ed.
260 _aUSA
_bAPS press.
_c1998.
300 _avii,200p;
_bill;
_c30cm
504 _aincludes index.
650 _aBiology.
_95602
942 _2ddc
_cSLOAN
999 _c4005
_d4005